[Event "Belgrade City-chT"]
[Site "Belgrade"]
[Date "2013.11.11"]
[Round "7"]
[White "Rodic, Dragan"]
[Black "Mladenovic, Milos"]
[Result "1/2-1/2"]
[WhiteElo "2077"]
[BlackElo "1887"]
[PlyCount "138"]
[EventDate "2013.10.26"]
[EventType "team-tourn"]
[EventRounds "11"]
[EventCountry "SRB"]
[SourceTitle "EXT 2015"]
[Source "ChessBase"]
[SourceDate "2014.11.20"]
[SourceVersion "1"]
[SourceVersionDate "2014.11.20"]
[SourceQuality "1"]

1. d4 Nf6 2. c4 e6 3. a3 d5 4. Nc3 Be7 5. Nf3 Nbd7 6. e3 0-0 7. Qc2 b6 8. cxd5 exd5 9. Bb5 Bb7 10. 0-0 a6 11. Bd3 Bd6 12. h3 Re8 13. Nd2 c5 14. Rd1 c4 15. Be2 b5 16. Bf3 Qb6 17. e4 Qxd4 18. Nf1 Qe5 19. exd5 Nc5 20. Be3 Nd3 21. Rxd3 cxd3 22. Qxd3 Rac8 23. Rd1 Rc4 24. g3 Bc8 25. Bg2 Bf5 26. Qd2 Ne4 27. Nxe4 Bxe4 28. Bf4 Qf6 29. Bxd6 Qxd6 30. Ne3 Rcc8 31. Qd4 Bxg2 32. Kxg2 Qe5 33. Qd2 Qe4+ 34. Kg1 Red8 35. Qd3 Qxd3 36. Rxd3 Kf8 37. Kg2 g6 38. Kf3 Ke7 39. h4 Kd6 40. Kf4 f6 41. Rd4 Re8 42. Rd2 Re5 43. g4 h5 44. gxh5 Rxh5 45. Kg3 Rc1 46. a4 Rg1+ 47. Kf3 Rxh4 48. axb5 axb5 49. Rc2 f5 50. Rc6+ Ke5 51. Re6+ Kd4 52. d6 Rh8 53. b4 Rd8 54. Kf4 Rf8 55. d7 Rd8 56. Rd6+ Kc3 57. Nd5+ Kc4 58. Nf6 Re1 59. Rc6+ Kxb4 60. Rc8 Rxd7 61. Nxd7 Re4+ 62. Kf3 g5 63. Rf8 Rf4+ 64. Ke3 Re4+ 65. Kd3 Rf4 66. Ke2 g4 67. Nf6 Kc4 68. Rc8+ Kb3 69. Rc5 b4 1/2-1/2

[Event "Belgrade op"]
[Site "Belgrade"]
[Date "2008.01.11"]
[Round "2"]
[White "Mladenovic, Milos"]
[Black "Jefic, Srdjan"]
[Result "1/2-1/2"]
[WhiteElo "1861"]
[BlackElo "2059"]
[PlyCount "80"]
[EventDate "2008.01.10"]
[EventType "swiss"]
[EventRounds "9"]
[EventCountry "YUG"]
[SourceTitle "EXT 2010"]
[Source "ChessBase"]
[SourceDate "2010.11.25"]
[SourceVersion "1"]
[SourceVersionDate "2010.11.25"]
[SourceQuality "1"]

1. e4 c5 2. Nf3 Nc6 3. Bb5 g6 4. 0-0 Bg7 5. c3 e5 6. Re1 Nge7 7. d3 0-0 8. Be3 Qb6 9. Na3 d6 10. Rb1 Be6 11. Bc4 Bxc4 12. Nxc4 Qc7 13. a4 h6 14. Qc1 Kh7 15. b4 b6 16. Re2 f5 17. bxc5 bxc5 18. Reb2 Rab8 19. Rxb8 Rxb8 20. Rb5 Rxb5 21. axb5 Nb8 22. Qa3 Nd7 23. Qa6 Nc8 24. h3 Ndb6 25. Nxb6 Nxb6 26. exf5 gxf5 27. c4 Qe7 28. Qa2 Qf7 29. Qc2 Nd7 30. Bc1 Nf8 31. Qa4 Ne6 32. Qa6 Qe7 33. Qc8 e4 34. dxe4 fxe4 35. Ne1 Nd4 36. Be3 Qe6 37. Qxe6 Nxe6 38. f3 exf3 39. Nxf3 Kg6 40. g4 Bf6 1/2-1/2

[Event "SRB-ch U18"]
[Site "Vrnjacka Banja"]
[Date "2007.04.10"]
[Round "2"]
[White "Mladenovic, Milos"]
[Black "Elez, Nikola"]
[Result "0-1"]
[WhiteElo "1866"]
[BlackElo "2087"]
[PlyCount "72"]
[EventDate "2007.04.09"]
[EventType "swiss"]
[EventRounds "9"]
[EventCountry "SRB"]
[SourceTitle "EXT 2023"]
[Source "ChessBase"]
[SourceDate "2022.10.05"]
[SourceVersion "1"]
[SourceVersionDate "2022.10.05"]
[SourceQuality "1"]

1. e4 c5 2. Nf3 d6 3. Bb5+ Nd7 4. 0-0 Ngf6 5. Re1 e6 6. c3 Be7 7. d4 cxd4 8. cxd4 0-0 9. Nc3 a6 10. Bc4 b5 11. Bb3 Nb6 12. Qd3 d5 13. e5 Nfd7 14. Bc2 g6 15. Bh6 Re8 16. b3 Bb7 17. Rad1 Qc7 18. Re3 Rec8 19. Bb1 b4 20. Ne2 a5 21. Ng5 Ba6 22. Qd2 Bf8 23. Rh3 Bxh6 24. Rxh6 Nf8 25. Ng3 a4 26. Qf4 axb3 27. axb3 Bb5 28. Qh4 Qc1 29. Qg4 Ra1 30. h3 Be2 31. Qxe2 Qxg5 32. Qe3 Qxe3 33. fxe3 Rc3 34. Kf2 Rxb3 35. Bc2 Ra2 36. Rd2 Rbb2 0-1

[Event "Lestane op"]
[Site "Lestane"]
[Date "2006.01.13"]
[Round "7"]
[White "Mladenovic, Milos"]
[Black "Grba, Nina"]
[Result "0-1"]
[WhiteElo "1842"]
[BlackElo "1674"]
[PlyCount "84"]
[EventDate "2006.01.10"]
[EventType "swiss"]
[EventRounds "9"]
[EventCountry "SRB"]
[SourceTitle "EXT 2024"]
[Source "ChessBase"]
[SourceDate "2023.10.10"]
[SourceVersion "1"]
[SourceVersionDate "2023.10.10"]
[SourceQuality "1"]

1. e4 e6 2. d4 d5 3. Nd2 dxe4 4. Nxe4 Bd7 5. Bd3 Bc6 6. Nf3 Be7 7. 0-0 Nf6 8. Qe2 0-0 9. Bf4 Nbd7 10. c4 Bxe4 11. Bxe4 Nxe4 12. Qxe4 c6 13. Rfd1 Nf6 14. Qc2 Qb6 15. a3 Rfd8 16. b4 a5 17. c5 Qa6 18. Bc7 axb4 19. Bxd8 Bxd8 20. a4 Nd5 21. Rdb1 Bf6 22. h3 Qa5 23. Qc4 Qc7 24. g3 h5 25. h4 Qe7 26. Re1 g5 27. hxg5 Bxg5 28. Re5 f6 29. Re2 Qf7 30. Qb3 Bh6 31. Ne1 h4 32. Nc2 hxg3 33. Qxg3+ Kh8 34. Re4 Nc3 35. Ree1 Rg8 36. Nxb4 Rxg3+ 37. fxg3 Qg6 38. Kh2 Ne4 39. Ra3 f5 40. Rg1 Qh5+ 41. Kg2 Qe2+ 42. Kh1 Nf2+ 0-1

[Event "Lestane op"]
[Site "Lestane"]
[Date "2006.01.13"]
[Round "6"]
[White "Novovic, Veljko"]
[Black "Mladenovic, Milos"]
[Result "1/2-1/2"]
[WhiteElo "1865"]
[BlackElo "1842"]
[PlyCount "73"]
[EventDate "2006.01.10"]
[EventType "swiss"]
[EventRounds "9"]
[EventCountry "SRB"]
[SourceTitle "EXT 2024"]
[Source "ChessBase"]
[SourceDate "2023.10.10"]
[SourceVersion "1"]
[SourceVersionDate "2023.10.10"]
[SourceQuality "1"]

1. Nf3 d5 2. g3 Nf6 3. Bg2 e6 4. d3 Be7 5. 0-0 0-0 6. c4 dxc4 7. dxc4 Nc6 8. Qxd8 Rxd8 9. Bg5 h6 10. Bxf6 Bxf6 11. Nc3 Bxc3 12. bxc3 Bd7 13. Rad1 Be8 14. Rd2 Rxd2 15. Nxd2 Rd8 16. Bxc6 Bxc6 17. Nb3 b6 18. Rc1 e5 19. Kf1 f6 20. Ke1 Kf7 21. Rd1 Rxd1+ 22. Kxd1 Ba4 23. Kd2 Bxb3 24. axb3 Ke6 25. e3 e4 26. Ke2 Ke5 27. f4+ Kf5 28. h3 h5 29. Kf2 g5 30. fxg5 fxg5 31. Ke2 g4 32. hxg4+ Kxg4 33. Kf2 h4 34. gxh4 Kxh4 35. Kg2 Kg4 36. Kf2 Kh3 37. Kf1 1/2-1/2

[Event "Lestane op"]
[Site "Lestane"]
[Date "2006.01.11"]
[Round "2"]
[White "Tasic, Zoran T"]
[Black "Mladenovic, Milos"]
[Result "1-0"]
[WhiteElo "2188"]
[BlackElo "1842"]
[PlyCount "45"]
[EventDate "2006.01.10"]
[EventType "swiss"]
[EventRounds "9"]
[EventCountry "SRB"]
[SourceTitle "EXT 2024"]
[Source "ChessBase"]
[SourceDate "2023.10.10"]
[SourceVersion "1"]
[SourceVersionDate "2023.10.10"]
[SourceQuality "1"]

1. d4 d5 2. c4 e6 3. Nc3 Be7 4. Nf3 Nf6 5. cxd5 exd5 6. Bg5 h6 7. Bh4 0-0 8. e3 b6 9. Bd3 Bb7 10. 0-0 Nbd7 11. Bf5 Ne4 12. Bxe7 Qxe7 13. Qb3 Nxc3 14. Qxc3 c6 15. Rfc1 Rfd8 16. b4 g6 17. Bd3 Rac8 18. g4 c5 19. bxc5 bxc5 20. Qa3 Kf8 21. Qb2 Rb8 22. dxc5 Nxc5 23. Qh8# 1-0

[Event "SCG Festival U16 14th"]
[Site "Vrnjacka Banja"]
[Date "2006.??.??"]
[Round "4"]
[White "Bojovic, Dusan"]
[Black "Mladenovic, Milos"]
[Result "1-0"]
[WhiteElo "2116"]
[BlackElo "1842"]
[PlyCount "51"]
[EventDate "2006.04.24"]
[EventType "swiss"]
[EventRounds "9"]
[EventCountry "YUG"]
[SourceTitle "EXT 2007"]
[Source "ChessBase"]
[SourceDate "2006.11.23"]
[SourceVersion "1"]
[SourceVersionDate "2006.11.23"]
[SourceQuality "1"]

1. e4 c5 2. Nf3 Nf6 3. Nc3 d5 4. exd5 Nxd5 5. Bc4 e6 6. 0-0 Be7 7. Re1 Nc6 8. d3 0-0 9. a4 b6 10. Ne4 h6 11. c3 Bb7 12. Ba2 Qc7 13. Qc2 Rad8 14. Bb1 Bf6 15. d4 cxd4 16. c4 d3 17. Qxd3 Ncb4 18. Qb3 Rc8 19. cxd5 Nxd5 20. Bd2 Rfd8 21. Bd3 Qe7 22. Rac1 Nc7 23. Bb4 Qd7 24. Nxf6+ gxf6 25. Bb1 Bd5 26. Qd3 1-0

[Event "SCG Festival U16 14th"]
[Site "Vrnjacka Banja"]
[Date "2006.??.??"]
[Round "8"]
[White "Mladenovic, Milos"]
[Black "Elez, Nikola"]
[Result "0-1"]
[WhiteElo "1842"]
[BlackElo "2121"]
[PlyCount "100"]
[EventDate "2006.04.24"]
[EventType "swiss"]
[EventRounds "9"]
[EventCountry "YUG"]
[SourceTitle "EXT 2007"]
[Source "ChessBase"]
[SourceDate "2006.11.23"]
[SourceVersion "1"]
[SourceVersionDate "2006.11.23"]
[SourceQuality "1"]

1. e4 c5 2. Nf3 d6 3. Bb5+ Nd7 4. 0-0 Ngf6 5. Qe2 g6 6. Rd1 Bg7 7. c3 0-0 8. d4 cxd4 9. cxd4 a6 10. Bxd7 Nxd7 11. Nc3 b5 12. e5 Nb6 13. Bf4 d5 14. a3 Bg4 15. h3 Bxf3 16. Qxf3 e6 17. b3 Qd7 18. Bg5 Rfc8 19. Rdc1 Bf8 20. Qe3 Rc7 21. Bh6 Be7 22. Bg5 Rac8 23. Bxe7 Qxe7 24. Qd2 b4 25. Ne2 Rxc1+ 26. Rxc1 Rxc1+ 27. Nxc1 bxa3 28. Qa5 Qc7 29. Qxa3 Qc3 30. Qc5 Qd2 31. Qxb6 Qxc1+ 32. Kh2 Qf4+ 33. Kg1 Qc1+ 34. Kh2 Qc8 35. f4 Kg7 36. Qc5 Qxc5 37. dxc5 Kf8 38. Kg3 Ke7 39. Kf3 Kd7 40. b4 Kc6 41. Ke3 a5 42. bxa5 Kxc5 43. a6 Kb6 44. a7 Kxa7 45. Kd4 Kb6 46. g4 Kc6 47. h4 h5 48. gxh5 gxh5 49. f5 exf5 50. Ke3 Kd7 0-1

[Event "Belgrade Ada op"]
[Site "Belgrade"]
[Date "2005.08.19"]
[Round "5"]
[White "Radovanovic, Zoran"]
[Black "Mladenovic, Milos"]
[Result "1-0"]
[WhiteElo "2074"]
[BlackElo "1871"]
[PlyCount "71"]
[EventDate "2005.08.15"]
[EventType "swiss"]
[EventRounds "9"]
[EventCountry "YUG"]
[SourceTitle "CBM 107 Extra"]
[Source "ChessBase"]
[SourceDate "2005.09.01"]
[SourceVersion "1"]
[SourceVersionDate "2005.09.01"]
[SourceQuality "1"]

1. c4 e6 2. Nc3 Nf6 3. g3 Be7 4. Bg2 0-0 5. Nf3 d5 6. cxd5 exd5 7. d4 b6 8. 0-0 Bb7 9. Bg5 h6 10. Bxf6 Bxf6 11. Rc1 Nc6 12. e3 Ne7 13. Ne5 Bxe5 14. dxe5 c6 15. e4 d4 16. Ne2 c5 17. f4 Nc6 18. Kh1 Ba6 19. Rf2 Nb4 20. Rf3 Nxa2 21. Ra1 Nb4 22. f5 Bb7 23. Rfa3 a5 24. Nf4 Re8 25. e6 fxe6 26. Nxe6 Qe7 27. Qb3 Kh7 28. Rf1 Bc8 29. Nf4 Bb7 30. Ng6 Qc7 31. e5 Bxg2+ 32. Kxg2 c4 33. Qf3 Nc2 34. Qe4 Ne3+ 35. Rxe3 dxe3 36. f6 1-0

[Event "Belgrade Ada op"]
[Site "Belgrade"]
[Date "2005.08.17"]
[Round "3"]
[White "Kosovac, Milan"]
[Black "Mladenovic, Milos"]
[Result "1-0"]
[WhiteElo "2065"]
[BlackElo "1871"]
[PlyCount "149"]
[EventDate "2005.08.15"]
[EventType "swiss"]
[EventRounds "9"]
[EventCountry "YUG"]
[SourceTitle "CBM 107 Extra"]
[Source "ChessBase"]
[SourceDate "2005.09.01"]
[SourceVersion "1"]
[SourceVersionDate "2005.09.01"]
[SourceQuality "1"]

1. c4 e6 2. Nc3 Nf6 3. Nf3 Be7 4. g3 d5 5. d4 b6 6. Ne5 dxc4 7. Bg2 Nd5 8. Qa4+ Bd7 9. Qxc4 c6 10. 0-0 0-0 11. Bd2 b5 12. Qb3 Na6 13. Rac1 Rc8 14. Ne4 f6 15. Nd3 Kh8 16. Nec5 Nxc5 17. dxc5 Be8 18. Rfd1 Bf7 19. e4 Nc7 20. Nb4 e5 21. Qe3 Ne6 22. Bh3 Qc7 23. Nd3 Rcd8 24. b4 Ng5 25. Bg2 Bxa2 26. f4 Ne6 27. f5 Nd4 28. Rc3 Bc4 29. Bf1 Nb3 30. Nf2 Nxd2 31. Rxd2 Bxf1 32. Kxf1 a5 33. Rb2 Rd4 34. bxa5 Qxa5 35. Ra3 Ra4 36. Rba2 Ra8 37. Rxa4 bxa4 38. Nd3 Rb8 39. Qc1 Rb3 40. Qc4 Qc3 41. Qxc3 Rxc3 42. Ke2 Rc4 43. Ke3 Kg8 44. Rb2 Bxc5+ 45. Nxc5 Rxc5 46. Rb8+ Kf7 47. Ra8 Rc4 48. Ra7+ Kf8 49. Ra8+ Ke7 50. Ra7+ Kd6 51. Rxg7 Kc5 52. g4 a3 53. Ra7 Rc3+ 54. Kf2 h6 55. h4 Rc2+ 56. Kf3 Rc3+ 57. Kf2 Rc2+ 58. Kf3 a2 59. g5 Kb4 60. gxf6 Rc3+ 61. Kg4 Ra3 62. Rxa3 Kxa3 63. f7 a1Q 64. f8Q+ Kb3 65. f6 Qd1+ 66. Kf5 Qh5+ 67. Ke6 Qg4+ 68. Kf7 Qxe4 69. Qxh6 c5 70. Kg7 c4 71. f7 c3 72. f8Q Qg2+ 73. Kh8 Qd2 74. Qf7+ Kb2 75. Qb6+ 1-0

[Event "Belgrade Ada op"]
[Site "Belgrade"]
[Date "2005.08.16"]
[Round "2"]
[White "Mladenovic, Milos"]
[Black "Maksimovic, Miroslav"]
[Result "0-1"]
[WhiteElo "1871"]
[BlackElo "2193"]
[PlyCount "78"]
[EventDate "2005.08.15"]
[EventType "swiss"]
[EventRounds "9"]
[EventCountry "YUG"]
[SourceTitle "CBM 107 Extra"]
[Source "ChessBase"]
[SourceDate "2005.09.01"]
[SourceVersion "1"]
[SourceVersionDate "2005.09.01"]
[SourceQuality "1"]

1. e4 c5 2. Nf3 d6 3. Bb5+ Bd7 4. Bxd7+ Qxd7 5. 0-0 Nc6 6. c3 Nf6 7. Qe2 e6 8. Rd1 Be7 9. d4 cxd4 10. cxd4 0-0 11. Nc3 d5 12. e5 Ne8 13. Bg5 Rc8 14. Rac1 Nc7 15. Bxe7 Qxe7 16. Nb5 Nxb5 17. Qxb5 Qb4 18. Qe2 Nxd4 19. Nxd4 Rxc1 20. Rxc1 Qxd4 21. Rc3 Rd8 22. Rc7 Qb6 23. Qc2 d4 24. Rc8 d3 25. Rxd8+ Qxd8 26. Qd2 Qd4 27. Kf1 h6 28. f4 Kh7 29. g3 Kg8 30. Kg2 Qd5+ 31. Kf2 Qxa2 32. Ke3 Qd5 33. Qxd3 Qxd3+ 34. Kxd3 Kf8 35. Kc4 Ke7 36. Kc5 Kd7 37. b3 Kc7 38. b4 a6 39. b5 axb5 0-1

[Event "Belgrade Spring op"]
[Site "Belgrade"]
[Date "2005.03.31"]
[Round "7"]
[White "Kilibarda, Novak"]
[Black "Mladenovic, Milos"]
[Result "1-0"]
[WhiteElo "1860"]
[BlackElo "1908"]
[PlyCount "70"]
[EventDate "2005.03.25"]
[EventType "swiss"]
[EventRounds "9"]
[EventCountry "YUG"]
[SourceTitle "CBM 105 Extra"]
[Source "ChessBase"]
[SourceDate "2005.05.01"]
[SourceVersion "1"]
[SourceVersionDate "2005.05.01"]
[SourceQuality "1"]

1. d4 d5 2. c4 e6 3. Nc3 Nf6 4. Bg5 Be7 5. e3 h6 6. Bh4 0-0 7. Nf3 b6 8. cxd5 exd5 9. Bd3 Bb7 10. 0-0 Nbd7 11. Rc1 c5 12. Bb1 Rc8 13. Re1 c4 14. a3 a6 15. b4 b5 16. Qc2 Bc6 17. Ne5 g5 18. Bg3 Kg7 19. Nxd7 Qxd7 20. Be5 Rh8 21. e4 Rcd8 22. exd5 Bxd5 23. Nxd5 Qxd5 24. Qf5 Qe6 25. Qf3 Qd7 26. Rcd1 Qd5 27. Be4 Qe6 28. h3 Qb6 29. Qc3 Bd6 30. Bxd6 Rxd6 31. Bf3 Rhd8 32. d5 Kg8 33. Re5 Kf8 34. Rf5 Re8 35. g4 Red8 1-0

[Event "Belgrade Zimski op"]
[Site "Belgrade"]
[Date "2005.01.26"]
[Round "4"]
[White "Mladenovic, Milos"]
[Black "Djurdjevic, Petar S"]
[Result "0-1"]
[WhiteElo "1908"]
[BlackElo "2056"]
[PlyCount "74"]
[EventDate "2005.01.22"]
[EventType "swiss"]
[EventRounds "9"]
[EventCountry "YUG"]
[SourceTitle "CBM 104 Extra"]
[Source "ChessBase"]
[SourceDate "2005.03.01"]
[SourceVersion "1"]
[SourceVersionDate "2005.03.01"]
[SourceQuality "1"]

1. e4 Nf6 2. e5 Nd5 3. c4 Nb6 4. d4 d6 5. f4 dxe5 6. fxe5 Nc6 7. Be3 Bf5 8. a3 a5 9. Nf3 e6 10. Be2 Be7 11. 0-0 0-0 12. Nc3 f6 13. exf6 Bxf6 14. Qd2 Qe7 15. Rad1 Rad8 16. Qc1 Bg6 17. Rfe1 Rfe8 18. Bf2 Qf8 19. c5 Nd5 20. Nxd5 exd5 21. Bb5 Rxe1+ 22. Rxe1 Be4 23. Bxc6 bxc6 24. Qc3 Rb8 25. Nd2 Bf5 26. Nb3 a4 27. Na5 Bd7 28. Re2 Rb5 29. b4 axb3 30. Nxb3 Qa8 31. Ra2 Qa4 32. Nc1 Bf5 33. Qe1 Kf7 34. Qd2 Rb1 35. Be3 Qc4 36. Kf2 Rxc1 37. a4 Bh4+ 0-1

[Event "Belgrade Zimski op"]
[Site "Belgrade"]
[Date "2005.01.23"]
[Round "2"]
[White "Popovic, Predrag R"]
[Black "Mladenovic, Milos"]
[Result "1-0"]
[WhiteElo "2102"]
[BlackElo "1908"]
[PlyCount "77"]
[EventDate "2005.01.22"]
[EventType "swiss"]
[EventRounds "9"]
[EventCountry "YUG"]
[SourceTitle "CBM 104 Extra"]
[Source "ChessBase"]
[SourceDate "2005.03.01"]
[SourceVersion "1"]
[SourceVersionDate "2005.03.01"]
[SourceQuality "1"]

1. e4 c5 2. Nf3 Nf6 3. Nc3 d5 4. e5 Ne4 5. d4 cxd4 6. Qxd4 Nxc3 7. Qxc3 e6 8. Bg5 Qd7 9. Bb5 Nc6 10. Nd4 Bb4 11. Qxb4 Nxb4 12. Bxd7+ Bxd7 13. 0-0 h6 14. Be3 0-0 15. a3 Nc6 16. Nxc6 Bxc6 17. Bc5 Rfd8 18. Rac1 f6 19. exf6 gxf6 20. Be7 Rd7 21. Bxf6 Kf7 22. Bd4 b6 23. Rfe1 Rg8 24. Re3 Re7 25. Rf3+ Ke8 26. Rf6 h5 27. Re1 Kd7 28. Rh6 Rg4 29. Be5 Rc4 30. c3 Rg4 31. f3 Rg8 32. Kf2 Rf7 33. Rxh5 d4 34. Rh6 d3 35. Rh4 Kc8 36. Rd4 Rd7 37. Rxd7 Kxd7 38. Rd1 Bb5 39. b3 1-0

[Event "Belgrade Trophy 18th"]
[Site "Obrenovac"]
[Date "2005.??.??"]
[Round "5"]
[White "Grujic, Zoran"]
[Black "Mladenovic, Milos"]
[Result "1-0"]
[WhiteElo "2365"]
[BlackElo "1871"]
[PlyCount "61"]
[EventDate "2005.11.22"]
[EventType "swiss"]
[EventRounds "9"]
[EventCountry "YUG"]
[SourceTitle "CBM 109 Extra"]
[Source "ChessBase"]
[SourceDate "2006.01.03"]
[SourceVersion "2"]
[SourceVersionDate "2006.01.03"]
[SourceQuality "1"]

1. Nf3 d5 2. d4 Nf6 3. Bf4 e6 4. e3 Be7 5. Bd3 b6 6. 0-0 0-0 7. Nbd2 Bb7 8. c3 Nbd7 9. Rc1 Rc8 10. Re1 c5 11. Qe2 c4 12. Bb1 b5 13. h3 h6 14. Ne5 Nxe5 15. dxe5 Nh7 16. Nf3 a5 17. Nd4 b4 18. Qc2 g6 19. Bxh6 Qd7 20. Bxf8 Rxf8 21. Qe2 Kg7 22. e4 Ng5 23. exd5 Qxd5 24. f3 Rh8 25. Rcd1 Kf8 26. Kf1 Ba6 27. Nf5 Qc6 28. Nxe7 Kxe7 29. Qd2 Nh7 30. Qd6+ Qxd6 31. Rxd6 1-0

[Event "Belgrade Trophy 17th"]
[Site "Obrenovac"]
[Date "2004.11.24"]
[Round "3"]
[White "Tadic, Katarina"]
[Black "Mladenovic, Milos"]
[Result "1-0"]
[WhiteElo "2141"]
[BlackElo "1928"]
[PlyCount "49"]
[EventDate "2004.11.22"]
[EventType "swiss"]
[EventRounds "9"]
[EventCountry "YUG"]
[SourceTitle "CBM 103 Extra"]
[Source "ChessBase"]
[SourceDate "2005.01.01"]
[SourceVersion "1"]
[SourceVersionDate "2005.01.01"]
[SourceQuality "1"]

1. Nf3 f5 2. d4 e6 3. c4 Nf6 4. g3 d6 5. Bg2 Be7 6. 0-0 0-0 7. b3 Na6 8. Bb2 c5 9. Nc3 Bd7 10. dxc5 Nxc5 11. Nd2 Rb8 12. b4 Na6 13. a3 Nc7 14. e4 fxe4 15. Ndxe4 Nxe4 16. Nxe4 Be8 17. Qg4 Bg6 18. Rad1 d5 19. h4 Rf7 20. cxd5 exd5 21. Be5 Bxe4 22. Bxe4 Bd6 23. Bxd5 Nxd5 24. Rxd5 Rd7 25. Rfd1 1-0